00820 2200205 4500245005000000020002200050250001100072100002700083700002000110650002200130650001800152650002100170005001900191260003100210041001400241084001100255300002800266500031100294336000900605 aThe Dreams LinecYuhan Yusufella YuwonohText a978-602-6328-62-5 aCet. 1 aYuhan Yusufella Yuwono aIswan Heriadjie aPengembangan Diri aMotivasi Diri aSelf Improvement a20240112111243 aSolobTiga Serangkaic2018 aIndonesia a155.25 axiv, 418 hlm. :c21 cm. aBuku ini hadir untuk menggugah kesadaran dan pemahaman pembaca akan pentingnya impian dan upaya untuk mewujudkan itu menjadi nyata. Semua kembali ke tujuan pembaca sendiri, apakah impian itu adalah sesuatu yang penting atau bukan. Jiika itu penting, Anda pun harus berani berusaha keras untuk menggapainya. atext